000 00884nam1a2200253 i 4500
001 RU\NLR\BIBL_A\010300564
005 20241118015044.0
010 _a978-5-768-2538-0
_9500
035 _a(NLR Aleph) 010300564
090 _a10591474
_c10591474
100 _a20140331d2013 uu y0rusy50 ca
101 0 _akrc
102 _aRU
105 _acc|||||||||||
200 1 _aСалаймала
_eчыгъармаларынын экитомлугъу
_fГуртуланы Салих
210 _aНальчик
_cЭльбрус
_d2013
215 _d21
541 1 _6z01790
_aИзбранные произведения
_eв 2 т.
_zrus
686 1 _aШ6(2=Ба)7 я44
700 1 _aГуртуланы
_bС.
_gСалих
_4070
790 1 _6z01541
_aГуртуев
_bС. С.
_gСалих Султанбекович
_4070
852 _aNLR
_bОНЛ
_jБалк./3-1233
942 _cBOOK